The mystery of Edwin Drood /

Bibliographic Details
Main Author: Dickens, Charles, 1812-1870
Format: Book
Language:English
Published: Oxford ; New York : Oxford University Press, 1987.
Series:Oxford illustrated Dickens.

MARC

Tag First Indicator Second Indicator Subfields
LEADER 00000cam a2200000 a 4500
001 in00000018632
005 20151007054019.0
008 871130r19871956enka 00011 eng d
020 |a 0192545167 
035 |a (OCoLC)17152626 
035 |9 AAB3690AM 
040 |a JDD  |c JDD  |d TXA  |d UtOrBLW 
049 |a TXAM  |c [A10990432] 
050 4 |a PR4564  |b .A1 1987 
100 1 |a Dickens, Charles,  |d 1812-1870. 
245 1 4 |a The mystery of Edwin Drood /  |c by Charles Dickens ; with twelve ill. by Luke Fildes and two by Charles Collins, and an introduction by S. C. Roberts. 
264 1 |a Oxford ;  |a New York :  |b Oxford University Press,  |c 1987. 
300 |a xi, 278 pages :  |b illustrations ;  |c 19 cm. 
336 |a text  |b txt  |2 rdacontent 
337 |a unmediated  |b n  |2 rdamedia 
338 |a volume  |b nc  |2 rdacarrier 
490 1 |a The Oxford illustrated Dickens 
500 |a Reprint of the edition first published in 1956. 
830 0 |a Oxford illustrated Dickens. 
999 |a MARS 
999 f f |s 22e816f8-bbb1-343b-a126-45ad8e2915cf  |i 3d75b0b3-96c3-30a2-85b7-7af506d20578  |t 0 
952 f f |p normal  |a Texas A&M University  |b College Station  |c Sterling C. Evans Library  |d Evans: Library Stacks  |t 0  |e PR4564 .A1 1987  |h Library of Congress classification  |i unmediated -- volume  |m A14810990432 
998 f f |a PR4564 .A1 1987  |t 0  |l Evans: Library Stacks